Materials science and engineering (Record no. 60621)

000 -LEADER
fixed length control field 00730nam a22002057a 4500
003 - CONTROL NUMBER IDENTIFIER
control field NUST-PNEC
005 - DATE AND TIME OF LATEST TRANSACTION
control field 20170116180703.0
008 - FIXED-LENGTH DATA ELEMENTS--GENERAL INFORMATION
fixed length control field 140913b xxu||||| |||| 00| 0 eng d
020 ## - INTERNATIONAL STANDARD BOOK NUMBER
International Standard Book Number 9780470505861
040 ## - CATALOGING SOURCE
Transcribing agency PNEC
082 ## - DEWEY DECIMAL CLASSIFICATION NUMBER
Classification number 620.11 CAL
100 ## - MAIN ENTRY--PERSONAL NAME
9 (RLIN) 184
Personal name Callister William D.
245 ## - TITLE STATEMENT
Title Materials science and engineering
Statement of responsibility, etc. William D. Callister
250 ## - EDITION STATEMENT
Edition statement 10th ed.
260 ## - PUBLICATION, DISTRIBUTION, ETC.
Place of publication, distribution, etc. Hoboken
Name of publisher, distributor, etc. John Wiley & Sons (Asia) Pte Ltd
Date of publication, distribution, etc. c2011.
300 ## - PHYSICAL DESCRIPTION
Extent xx, 885 p. and various paging
Other physical details ill. :
Dimensions 26 cm.
500 ## - GENERAL NOTE
General note Includes Index http://www.amazon.com/Materials-Science-Engineering-William-Callister/dp/0470505869/ref=sr_1_1?s=books&ie=UTF8&qid=1410595194&sr=1-1&keywords=9780470505861
650 ## - SUBJECT ADDED ENTRY--TOPICAL TERM
General subdivision ME
942 ## - ADDED ENTRY ELEMENTS (KOHA)
Source of classification or shelving scheme
Koha item type Book
Holdings
Withdrawn status Lost status Source of classification or shelving scheme Damaged status Not for loan Permanent Location Current Location Shelving location Date acquired Source of acquisition Cost, normal purchase price Total Checkouts Full call number Barcode Date last seen Cost, replacement price Price effective from Koha item type
          Pakistan Navy Engineering College (PNEC) Pakistan Navy Engineering College (PNEC) Reference 11/12/2010 Royal Book Company 8165.60   620.11 CAL PNECLIB-029940 09/13/2014 8165.60 11/12/2010 Book
          Pakistan Navy Engineering College (PNEC) Pakistan Navy Engineering College (PNEC)           620.11 CAL PNECLIB-018123 09/03/2015     Book
          Pakistan Navy Engineering College (PNEC) Pakistan Navy Engineering College (PNEC)           620.11 CAL PNECLIB-018119 09/04/2015     Book
          Pakistan Navy Engineering College (PNEC) Pakistan Navy Engineering College (PNEC)           620.11 CAL PNECLIB-018121 09/04/2015     Book
© 2023 Central Library, National University of Sciences and Technology. All Rights Reserved.